000 00490nam a2200181Ia 4500
005 20250508160643.0
008 008 250505s9999 xx 000 0 hin d
037 _aTextual
040 _aFEDL
_beng
_cFEDL
041 _ahin
_2hin
084 _a891.43, MAN
_qFEDL
100 _aManav
245 0 _aUnnisavi shatabdi ke upanyaskar
260 _aAllahabad, India
_bSmriti Prakashan
_c1970
300 _a102p.
942 _cTEXL
_h891.43, MAN
999 _c1365855
_d1365855